000 00650 a2200229 4500
005 20260402162638.0
008 260402b |||||||| |||| 00| 0 eng d
020 _a978-1-5095-5368-6
037 _cTB
040 _aCRL
_cCRL
041 _2eng
_aeng
084 _aY R4
_qCRL
100 _aDarmon, Muriel
_91115559
245 _aSocialization
260 _aNew jersey, USA:
_bPolity press,
_c2024.
300 _a193p.
365 _b22.95
_cUSD
650 _2Sociology
700 _aGarnier, Lucy
_eTranslator,
_91234081
942 _cTB
_2CC
_hY R4
999 _c1679526
_d1679526